Culture générale - Rugby #1 - Statistiques

Statistiques générales
  • Ce quiz a été pris 3 679 fois
  • Le résultat moyen est 9 sur 21
Statistiques - réponses
Hint Réponse % Correct
L'ASM Clermont-Auvergne est connu pour être le club ayant perdu le plus de finales de championnat de France (12 fois), mais contre quel club, l'ASM a-t-il perdu le plus de finales ? Stade toulousain
87%
Lors de la première Coupe du monde de l'histoire, en 1987, la France se hisse en finale face à la Nouvelle-Zélande. Mais quelle nation a-t-elle battu en demi-finale ? Australie
83%
Entre 2000 et 2024, les clubs suivants gagnent le Top 14 au moins une fois : Toulouse, Toulon, Castres, Clermont, Racing 92, USAP, Stade Français, Biarritz Olympique. Il manque un club, lequel ? Montpellier
71%
Le RCT fait son triplé historique en Champions Cup entre 2013 et 2015. Contre qui les Toulonnais remportent-ils leur premier titre en 2013 ASM Clermont-Auvergne
63%
En 2020, le Racing 92 se hisse en finale de la Champions Cup, mais perd contre un club. Quel est ce club ? Exeter Chiefs
60%
Qui est le recordman de points marqués un une seule édition du Tournoi des Six Nations ? Jonny Wilkinson
60%
Le XV de France est éliminé en quart de finale de la Coupe du monde 2015 face à la Nouvelle-Zélande. Combien de points ont marqué les All Blacks lors de ce match ? 62
52%
Qui est le champion en titre d'Élite 1, le championnat de France de rugby féminin ? Stade Bordelais
52%
Quel pays d'Afrique de l'ouest a déjà participé à une Coupe du monde de rugby masculine ? Côte d'Ivoire
45%
Avant de s'appeler World Rugby, la fédération internationale avait un autre nom, lequel ? International Rugby Board
43%
Les Crusaders ont remporté le Super Rugby le plus souvent avec 12 titres. Qui est la seconde franchise à l'avoir remporté le plus souvent ? Blues
41%
C'est bien connu, l'Angleterre a inventé le rugby à XV, mais quelle nation a inventé le rugby à 7 ? Écosse
40%
Quelle nation remporte la première Coupe du monde de rugby féminin en 1991 ? États-Unis
38%
En 2015, le Stade Français remporte le Top 14. Qui est l'entraîneur en chef ? Gonzalo Quesada
37%
En Premiership, quel est le club a perdu le plus de finales ? Leicester Tigers
37%
En 2019, un joueur devient le premier a marqué un doublé dans une finale de Top 14, qui est ce joueur ? Yoann Huget
31%
Dans le rugby, comment se nomme l'accomplissement de marquer au moins un essai, une pénalité, un drop et une transformation dans un même match ? Full House
21%
Comment s'appelait le seul joueur noir de l'effectif sud-africain pour la Coupe du monde 1995 ? Chester Williams
17%
De 1931 à 1996, le Challenge Yves-du-Manoir s'est tenu en France, quel club a remporté la compétition le plus de fois ? RC Narbonne
15%
Quel joueur détient le record d'essais de l'United Rugby Championship (anciennement Guinness Pro 14 et Guinness Pro 12) ? Tommy Bowe
4%
Ugo Mola est entraîneur du Stade Toulousain depuis 2015. Guy Novès l'était avant lui depuis 2000 tout seul. Mais de 1998 à 2000, il était co-entraîneur avec quelqu'un d'autre. Citez son nom. Daniel Santamans
2%
Aucun quiz correspondant
Distribution des résultats
% des personnes avec chaque résultat
Percentile par nombre de réponses
Votre historique - résultats
Vous n’avez pas pris ce quiz